| 000 | 00744nam a2200253 a 4500 | ||
|---|---|---|---|
| 001 | BRL_1607 | ||
| 005 | 20190320211303.0 | ||
| 008 | 110414s1968----mx-ao#####---#000-0#spa-# | ||
| 041 | _aspa | ||
| 044 | _amx | ||
| 050 | 4 |
_aF1435.1.J3 _b.P5 1968 |
|
| 100 | 1 |
_aChan Piña, Román _927301 |
|
| 245 | 1 | 0 |
_aJaina _bla casa en el Agua _cRomán Piña Chan. |
| 260 |
_aMéxico _bINAH _c1968 |
||
| 300 |
_a137 p. _bil., fotografía (algunas a color), planos _c25 cm. |
||
| 500 | _aAu875 | ||
| 500 | _aIncluye índice de ilustraciones | ||
| 504 | _aBibliografía: p. 133 | ||
| 650 | 1 | 4 |
_aMayas _xAntigüedades _99555 |
| 650 | 1 | 4 |
_aCerámica _xMaya _927431 |
| 651 | 4 |
_aJaina, Isla (Campeche) _xAntigüedades _927432 |
|
| 902 | _aGRL | ||
| 942 |
_2lcc _cB |
||
| 999 |
_c10416 _d10416 |
||